TRAFFIC ENGINEERING AND TRANSPORT PLANNING (Record no. 8788)

MARC details
000 -LEADER
fixed length control field 00805nam a22001697a 4500
003 - CONTROL NUMBER IDENTIFIER
control field SGT
020 ## - INTERNATIONAL STANDARD BOOK NUMBER
International Standard Book Number 817409220X
082 ## - DEWEY DECIMAL CLASSIFICATION NUMBER
Classification number 388
Item number KAD
100 ## - MAIN ENTRY--PERSONAL NAME
Personal name KADIYALI,L.R
245 ## - TITLE STATEMENT
Title TRAFFIC ENGINEERING AND TRANSPORT PLANNING
250 ## - EDITION STATEMENT
Edition statement 8TH
260 ## - PUBLICATION, DISTRIBUTION, ETC. (IMPRINT)
Place of publication, distribution, etc NEW DELHI
Name of publisher, distributor, etc KHANNA PUBLISHERS
Year of Publication 2015
300 ## - PAGE DESCRIPTION
No. of Pages 913
650 ## - SUBJECT ADDED ENTRY--TOPICAL TERM
Topical term or geographic name as entry element AUTOMOBILE ENGINEERING
653 ## - KEYWORDS--INDEX TERM
Keyword term TRAFFIC ENGINEERING ADMINISTRATION AND FUNCTIONS, THE ROAD USER AND THE VEHICLE, SPEED JOURNEY TIME AND DELAY SURVEYS, VEHICLE VOLUME COUNTS, CLASSIFICATION AND OCCUPANCY, ORIGIN DESTINATION SURVEY,PARKING SURVEYS, USE OF PHOTOGRAPHIC TECHNIQUES IN TRAFFIC SURVEY, STATISTICAL METHODS FOR TRAFFIC ENGINEERING, SPEED STUDIES, TRAFFIC FORECASTING, GEOMETRIC DESIGN, PARKING, TRAFFIC SIGNS, ROAD MARKING, TRAFFIC SIGNALS....
942 ## - ADDED ENTRY ELEMENTS (KOHA)
Source of classification or shelving scheme Dewey Decimal Classification
Koha item type Books
942 ## - ADDED ENTRY ELEMENTS (KOHA)
-- 1
Holdings
Withdrawn status Lost status Source of classification or shelving scheme Damaged status Not for loan Home library Current library Shelving location Date acquired Vendor Name Cost, normal purchase price SGTU Bill Number Total Checkouts Full call number Accession No. (Barcode) Date last seen Bill Date Koha item type Date last borrowed Total Renewals
    Dewey Decimal Classification     SGT Engineering Library SGT Engineering Library On Display 11/04/2016 UNIVERSAL BOOK STALL 340.00 SGTU 010   388 KAD FE6651 11/04/2016   Books    
    Dewey Decimal Classification     SGT Engineering Library SGT Engineering Library On Display 11/04/2016 UNIVERSAL BOOK STALL 340.00 SGTU 010   388 KAD FE6652 11/04/2016   Books    
    Dewey Decimal Classification     SGT Engineering Library SGT Engineering Library On Display 11/04/2016 UNIVERSAL BOOK STALL 340.00 SGTU 010 1 388 KAD FE6653 24/07/2021   Books 22/03/2021  
    Dewey Decimal Classification     SGT Engineering Library SGT Engineering Library On Display 11/04/2016 UNIVERSAL BOOK STALL 340.00 SGTU 010   388 KAD FE6654 11/04/2016   Books    
    Dewey Decimal Classification     SGT Engineering Library SGT Engineering Library On Display 11/04/2016 UNIVERSAL BOOK STALL 340.00 SGTU 010 1 388 KAD FE6655 26/04/2025   Books 26/04/2025  
    Dewey Decimal Classification     SGT Engineering Library SGT Engineering Library On Display 11/04/2016 UNIVERSAL BOOK STALL 340.00 SGTU 010   388 KAD FE6656 11/04/2016   Books    
    Dewey Decimal Classification     SGT Engineering Library SGT Engineering Library On Display 11/04/2016 UNIVERSAL BOOK STALL 340.00 SGTU 010 1 388 KAD FE6657 01/11/2022   Books 23/11/2021 1
    Dewey Decimal Classification     SGT Engineering Library SGT Engineering Library On Display 11/04/2016 UNIVERSAL BOOK STALL 340.00 SGTU 010   388 KAD FE6658 11/04/2016   Books